000 01107cam a2200325 a 4500
001 1778
003 FISKH
005 20250815122129.0
008 120216s2013 nyuab j b 001 0 eng
010 _a 2012003520
020 _a9780531289662 (library binding)
020 _a9780531292907 (pbk.)
040 _aDLC
_cDLC
_dDLC
_beng
042 _apcc
050 0 0 _aGA118
_b.W35 2013
082 0 0 _a912.01/48
_223
100 1 _aWade, Mary Dodson
245 1 0 _aMap scales /
_cby Mary Dodson Wade
260 _aNew York :
_bScholastic,
_c2013
300 _a32 pages :
_bcolor illustrations ; color maps ;
_c19 cm.
490 0 _aRookie read-about geography
505 _aM
520 _aIntroduces how to determine approximately how far apart places are by using the scale on a map.
521 8 _a540
_bLexile
521 8 _aM
_bRaz-Plus
650 0 _aMap scales
_vJuvenile literature.
906 _a7
_bcbc
_corignew
_d1
_eecip
_f20
_gy-gencatlg
942 _2ddc
_cBK
_n0
999 _c1778
_d1778